| 000 | 00374 a2200157 4500 | ||
|---|---|---|---|
| 001 | 61919 | ||
| 020 | _a9788506052525 | ||
| 040 | _cAnchieta - Pituba | ||
| 100 | _aZillgens, Gerlis | ||
| 240 | 1 | 0 |
_aAmores em cena numa noite de verão _lpor |
| 245 | 1 | 0 | _aAmores em cena numa noite de verão |
| 300 | _a203 | ||
| 362 | 0 | _a2008 | |
| 650 | 4 | _aLiteratura juvenil | |
| 942 | _cBK | ||
| 999 |
_c61919 _d61919 |
||